000 00616nam a2200253Ia 4500
005 20260121161051.0
008 008 260114s9999 xx 000 0 eng d
020 _a9780203615683
037 _aEBOOK
040 _aCRL
040 _beng
040 _cCRL
041 _2eng
041 _aeng
084 _qCRL
100 _a Sarah Fenstermaker; Candace West
_91039801
245 0 _aDoing Gender, Doing Difference
260 _bTaylor and Francis
260 _c2002
856 _uhttp://www.taylorfrancis.com/books/9780203615683
942 _cEBOOK
999 _c1606617
_d1606617